[Event "Titled Tuesday intern op 19th Dec Early"]
[Site "Chess.com INT"]
[Date "2023.12.19"]
[Round "1"]
[White "Baziuk, Vladyslav"]
[Black "Nan, MK Khine Hlyan"]
[Result "1-0"]
[WhiteElo "2211"]
[BlackElo "1973"]
[PlyCount "103"]
[EventDate "2023.12.19"]
[EventType "swiss (blitz)"]
[EventRounds "11"]
[EventCountry "USA"]
[SourceTitle "CB52_2023"]
[SourceDate "2023.12.27"]
[SourceVersion "1"]
[SourceVersionDate "2023.12.27"]
[SourceQuality "1"]

1. e4 e5 2. Nf3 Nc6 3. Bc4 Bc5 4. c3 Nf6 5. d4 exd4 6. b4 Bb6 7. e5 d5 8. exf6 dxc4 9. Qe2+ Be6 10. b5 d3 11. Qe4 0-0 12. Ng5 g6 13. Qh4 h5 14. Ne4 Ne5 15. Qg5 Ng4 16. h3 Bxf2+ 17. Nxf2 Nxf6 18. 0-0 Bf5 19. Nd2 Re8 20. Nxc4 Re2 21. Be3 Ne4 22. Qxd8+ Rxd8 23. Nxe4 Bxe4 24. Rf2 Rxf2 25. Kxf2 c6 26. a4 b6 27. bxc6 Bxc6 28. Bd4 Kh7 29. g4 Be4 30. gxh5 gxh5 31. Ke3 Bg6 32. Ne5 Re8 33. Kd2 Bf5 34. Rf1 f6 35. Rxf5 fxe5 36. Rxh5+ Kg6 37. Rxe5 Rf8 38. Kxd3 Rf3+ 39. Re3 Rf1 40. a5 bxa5 41. Bxa7 a4 42. Re6+ Kf5 43. Ra6 Ra1 44. Bc5 Rh1 45. Rxa4 Rxh3+ 46. Kc4 Rh4+ 47. Bd4 Rh7 48. Ra5+ Ke6 49. Ra6+ Kf5 50. Kd5 Rd7+ 51. Rd6 Rb7 52. c4 1-0

[Event "Titled Tuesday intern op 19th Dec Early"]
[Site "Chess.com INT"]
[Date "2023.12.19"]
[Round "3"]
[White "Nan, MK Khine Hlyan"]
[Black "Shimanov, Aleksandr"]
[Result "0-1"]
[WhiteElo "1973"]
[BlackElo "2578"]
[PlyCount "78"]
[EventDate "2023.12.19"]
[EventType "swiss (blitz)"]
[EventRounds "11"]
[EventCountry "USA"]
[SourceTitle "CB52_2023"]
[SourceDate "2023.12.27"]
[SourceVersion "1"]
[SourceVersionDate "2023.12.27"]
[SourceQuality "1"]

1. e4 c6 2. d4 d5 3. Nc3 dxe4 4. Nxe4 Bf5 5. Ng3 Bg6 6. h4 h6 7. Nf3 Nd7 8. h5 Bh7 9. Bd3 Bxd3 10. Qxd3 e6 11. Bd2 a5 12. Ne4 Ngf6 13. Ne5 Nxe5 14. dxe5 Qxd3 15. cxd3 Nd5 16. 0-0-0 a4 17. d4 a3 18. b3 Be7 19. g4 0-0-0 20. Kb1 b6 21. Rhe1 Rd7 22. f4 Nc7 23. Bc1 Nb5 24. Be3 Rhd8 25. Rc1 Kb7 26. f5 Nxd4 27. Bxd4 Rxd4 28. f6 gxf6 29. exf6 Bf8 30. g5 hxg5 31. Nxg5 R8d7 32. Nh7 Bh6 33. Rc2 Rd1+ 34. Rc1 Bxc1 35. Rxd1 Rxd1 36. Kc2 Rh1 37. Nf8 Kc7 38. Nxe6+ fxe6 39. f7 Bh6 0-1

[Event "Titled Tuesday intern op 25th Jul Early"]
[Site "Chess.com INT"]
[Date "2023.07.25"]
[Round "5"]
[White "Rodriguez Fontecha, Marcos"]
[Black "Nan, MK Khine Hlyan"]
[Result "1-0"]
[WhiteElo "2309"]
[BlackElo "1973"]
[PlyCount "41"]
[EventDate "2023.07.25"]
[EventType "swiss (blitz)"]
[EventRounds "11"]
[EventCountry "USA"]
[SourceTitle "EXT 2024"]
[Source "ChessBase"]
[SourceDate "2023.10.10"]
[SourceVersion "1"]
[SourceVersionDate "2023.10.10"]
[SourceQuality "1"]

1. e4 e5 2. Nf3 Nc6 3. d4 exd4 4. Bc4 Bc5 5. Ng5 Nh6 6. Nxf7 Nxf7 7. Bxf7+ Kxf7 8. Qh5+ g6 9. Qxc5 d6 10. Qb5 Re8 11. 0-0 Rxe4 12. Qd5+ Re6 13. Nd2 Kg7 14. Nf3 Bd7 15. b3 Ne5 16. Nxd4 Re8 17. Bb2 Qg5 18. f4 Qh5 19. fxe5 Rxe5 20. Nf3 Qxf3 21. Rxf3 1-0

[Event "Titled Tuesday intern op 18th Jul Early"]
[Site "Chess.com INT"]
[Date "2023.07.18"]
[Round "6"]
[White "Nan, MK Khine Hlyan"]
[Black "Hrescak, Ivana"]
[Result "0-1"]
[WhiteElo "1973"]
[BlackElo "2117"]
[PlyCount "56"]
[EventDate "2023.07.18"]
[EventType "swiss (blitz)"]
[EventRounds "11"]
[EventCountry "USA"]
[SourceTitle "EXT 2024"]
[Source "ChessBase"]
[SourceDate "2023.10.10"]
[SourceVersion "1"]
[SourceVersionDate "2023.10.10"]
[SourceQuality "1"]

1. e4 e5 2. Nf3 Nc6 3. Bb5 a6 4. Ba4 b5 5. Bb3 g6 6. d4 exd4 7. Nxd4 Na5 8. 0-0 Bg7 9. Bxf7+ Kxf7 10. Qf3+ Qf6 11. Bf4 g5 12. e5 Qxf4 13. Qd5+ Kg6 14. Qxa8 Ne7 15. c3 Bb7 16. Qa7 Bxe5 17. g3 Bxd4 18. Qxd4 Qf3 19. Qd3+ Qxd3 20. f3 Nf5 21. Na3 Re8 22. Rad1 Qe3+ 23. Kh1 d6 24. Rfe1 Qxe1+ 25. Rxe1 Rxe1+ 26. Kg2 Re2+ 27. Kh3 Bxf3 28. c4 g4# 0-1

[Event "Titled Tuesday intern op 04th Jul Early"]
[Site "Chess.com INT"]
[Date "2023.07.04"]
[Round "1"]
[White "Shvedova, Alexandra"]
[Black "Nan, MK Khine Hlyan"]
[Result "1-0"]
[WhiteElo "2207"]
[BlackElo "1973"]
[PlyCount "51"]
[EventDate "2023.07.04"]
[EventType "swiss (blitz)"]
[EventRounds "11"]
[EventCountry "USA"]
[SourceTitle "EXT 2024"]
[Source "ChessBase"]
[SourceDate "2023.10.10"]
[SourceVersion "1"]
[SourceVersionDate "2023.10.10"]
[SourceQuality "1"]

1. d4 d5 2. c4 Nf6 3. cxd5 Nxd5 4. e4 Nb6 5. Nc3 e6 6. Nf3 Bd7 7. Be2 Bb4 8. 0-0 0-0 9. a3 Be7 10. Bf4 Re8 11. Rc1 Bc6 12. Qc2 Bf8 13. Rfd1 Qf6 14. Bxc7 N8d7 15. d5 exd5 16. exd5 Ba4 17. Nxa4 Nxa4 18. Bb5 Nac5 19. b4 a6 20. bxc5 axb5 21. c6 bxc6 22. dxc6 Nc5 23. Bb6 Na4 24. Bd4 Qf4 25. Qb3 b4 26. axb4 1-0

[Event "Titled Tuesday intern op 04th Jul Early"]
[Site "Chess.com INT"]
[Date "2023.07.04"]
[Round "5"]
[White "Sreyas, Payyappat"]
[Black "Nan, MK Khine Hlyan"]
[Result "1-0"]
[WhiteElo "2075"]
[BlackElo "1973"]
[PlyCount "41"]
[EventDate "2023.07.04"]
[EventType "swiss (blitz)"]
[EventRounds "11"]
[EventCountry "USA"]
[SourceTitle "EXT 2024"]
[Source "ChessBase"]
[SourceDate "2023.10.10"]
[SourceVersion "1"]
[SourceVersionDate "2023.10.10"]
[SourceQuality "1"]

1. e4 e5 2. Nf3 Nc6 3. Bc4 Bc5 4. c3 Nf6 5. d4 exd4 6. e5 d5 7. Bb5 Ne4 8. cxd4 Bb4+ 9. Bd2 Nxd2 10. Nbxd2 0-0 11. 0-0 Bg4 12. Nb3 Bxf3 13. Qxf3 f6 14. e6 Qd6 15. a3 Nd8 16. axb4 Nxe6 17. Qc3 Ng5 18. Nc5 a6 19. Nxb7 Qb6 20. Bc6 Ne4 21. Bxd5+ 1-0

[Event "Titled Tuesday intern op 28th Mar Early"]
[Site "Chess.com INT"]
[Date "2023.03.28"]
[Round "2"]
[White "Nan, MK Khine Hlyan"]
[Black "Melikhov, Evgeny V"]
[Result "0-1"]
[WhiteElo "1973"]
[BlackElo "2269"]
[PlyCount "62"]
[EventDate "2023.03.28"]
[EventType "swiss (blitz)"]
[EventRounds "11"]
[EventCountry "USA"]
[SourceTitle "EXT 2024"]
[Source "ChessBase"]
[SourceDate "2023.10.10"]
[SourceVersion "1"]
[SourceVersionDate "2023.10.10"]
[SourceQuality "1"]

1. e4 c5 2. Nf3 d6 3. d4 cxd4 4. Nxd4 Nf6 5. Nc3 a6 6. Be2 e6 7. Be3 Be7 8. 0-0 0-0 9. Kh1 Qc7 10. f4 Nc6 11. Nf3 b5 12. a3 Bb7 13. Qe1 Na5 14. Qf2 Nc4 15. Bxc4 Qxc4 16. Rad1 Nxe4 17. Nxe4 Qxe4 18. Ng5 Qg6 19. Bd4 Bxg5 20. fxg5 Qxg5 21. Rd3 e5 22. Rg3 Qe7 23. Bc3 f5 24. Rd1 f4 25. Rh3 Rf6 26. Qh4 h6 27. Rhd3 f3 28. Rxd6 fxg2+ 29. Kg1 Rf1+ 30. Rxf1 gxf1Q+ 31. Kxf1 Qxh4 0-1

[Event "Titled Tuesday intern op 28th Mar Early"]
[Site "Chess.com INT"]
[Date "2023.03.28"]
[Round "5"]
[White "Palacio, Igor Da Paz"]
[Black "Nan, MK Khine Hlyan"]
[Result "1-0"]
[WhiteElo "2172"]
[BlackElo "1973"]
[PlyCount "85"]
[EventDate "2023.03.28"]
[EventType "swiss (blitz)"]
[EventRounds "11"]
[EventCountry "USA"]
[SourceTitle "EXT 2024"]
[Source "ChessBase"]
[SourceDate "2023.10.10"]
[SourceVersion "1"]
[SourceVersionDate "2023.10.10"]
[SourceQuality "1"]

1. e4 d6 2. Nc3 Nf6 3. g3 g6 4. Bg2 Bg7 5. Nge2 0-0 6. 0-0 c5 7. d3 Nc6 8. Rb1 Rb8 9. a3 b5 10. f4 Bd7 11. h3 b4 12. axb4 Nxb4 13. g4 Ne8 14. Be3 Qc8 15. f5 Bc6 16. Nf4 Nc7 17. Rf2 Qd8 18. Rd2 e6 19. fxe6 fxe6 20. Qe1 e5 21. Nfd5 Ncxd5 22. Nxd5 Nxd5 23. exd5 Bd7 24. Be4 Qe7 25. c4 Rf7 26. Rf2 Rxf2 27. Qxf2 Rf8 28. Qg2 Qh4 29. Ra1 Bh6 30. Bf2 Qg5 31. Rd1 Qf4 32. Bh4 g5 33. Bg3 Qe3+ 34. Bf2 Qe2 35. Rb1 Qc2 36. d4 Qxc4 37. dxe5 dxe5 38. d6 Rf4 39. Bd5+ Kg7 40. Bxc4 Rxc4 41. Re1 Bc6 42. Qxc6 Rc2 43. d7 1-0

[Event "Titled Tuesday intern op 28th Feb Early"]
[Site "Chess.com INT"]
[Date "2023.02.28"]
[Round "6"]
[White "Qashashvili, Alexandre"]
[Black "Nan, MK Khine Hlyan"]
[Result "0-1"]
[WhiteElo "2505"]
[BlackElo "1973"]
[PlyCount "64"]
[EventDate "2023.02.28"]
[EventType "swiss (blitz)"]
[EventRounds "11"]
[EventCountry "USA"]
[SourceTitle "CBM 213 Extra"]
[Source "ChessBase"]
[SourceDate "2023.05.31"]
[SourceVersion "1"]
[SourceVersionDate "2023.05.31"]
[SourceQuality "1"]

1. e4 d6 2. Nc3 g6 3. Nf3 Bg7 4. d3 Nf6 5. Be3 c5 6. Qd2 a6 7. Bh6 Bxh6 8. Qxh6 b5 9. Ng5 b4 10. Nd5 Nxd5 11. exd5 Bb7 12. Qg7 Kd7 13. Qxf7 Rf8 14. Ne6 Rxf7 15. Nxd8 Kxd8 16. Be2 Bxd5 17. 0-0 Nd7 18. c4 Be6 19. Bf3 Rb8 20. a3 Ne5 21. Be4 Bf5 22. axb4 Bxe4 23. dxe4 Rxb4 24. Rxa6 Rxb2 25. f3 Nxc4 26. Rfa1 Ne3 27. Ra7 Rxg2+ 28. Kh1 Rxf3 29. Rb1 Ke8 30. Re1 Rgf2 31. e5 Rf1+ 32. Rxf1 Rxf1# 0-1

[Event "Titled Tuesday intern op 22nd Nov Early"]
[Site "Chess.com INT"]
[Date "2022.11.22"]
[Round "1"]
[White "Nan, MK Khine Hlyan"]
[Black "Johnson, Donald"]
[Result "0-1"]
[WhiteElo "1973"]
[BlackElo "2232"]
[PlyCount "74"]
[EventDate "2022.11.22"]
[EventType "swiss (blitz)"]
[EventRounds "11"]
[EventCountry "USA"]
[SourceTitle "CBM 211 Extra"]
[Source "ChessBase"]
[SourceDate "2023.01.31"]
[SourceVersion "1"]
[SourceVersionDate "2023.01.31"]
[SourceQuality "1"]

1. e4 c6 2. d4 d5 3. e5 Bf5 4. f4 e6 5. Nf3 h6 6. Bd3 Bxd3 7. Qxd3 Nd7 8. Nbd2 Ne7 9. c4 Nf5 10. 0-0 Be7 11. g4 Nh4 12. f5 Nxf3+ 13. Nxf3 0-0 14. f6 gxf6 15. Bxh6 Re8 16. exf6 Bxf6 17. Ne5 Nxe5 18. dxe5 Bxe5 19. Qh3 dxc4 20. Bf4 Bxf4 21. Rxf4 Qg5 22. Raf1 Re7 23. Rf6 Rd8 24. Rh6 Qg7 25. Qh4 Rd4 26. Qxe7 Rxg4+ 27. Kh1 Qxh6 28. Qxf7+ Kh8 29. Qe8+ Rg8 30. Qe7 Qg5 31. Qxg5 Rxg5 32. Rf8+ Kg7 33. Re8 Rb5 34. Rxe6 Rxb2 35. Re4 c3 36. Rc4 c2 37. Kg2 c1Q+ 0-1

[Event "Titled Tuesday intern op 18th Oct Early"]
[Site "Chess.com INT"]
[Date "2022.10.18"]
[Round "8"]
[White "Nan, MK Khine Hlyan"]
[Black "Kirtadze, Anastasia"]
[Result "0-1"]
[WhiteElo "1973"]
[BlackElo "1814"]
[PlyCount "66"]
[EventDate "2022.10.18"]
[EventType "swiss (blitz)"]
[EventRounds "11"]
[EventCountry "USA"]
[SourceTitle "EXT 2024"]
[Source "ChessBase"]
[SourceDate "2023.10.10"]
[SourceVersion "1"]
[SourceVersionDate "2023.10.10"]
[SourceQuality "1"]

1. e4 c5 2. Nf3 e6 3. d4 cxd4 4. Nxd4 a6 5. Be2 b5 6. 0-0 Bb7 7. e5 Qc7 8. f4 Bc5 9. Kh1 Ne7 10. c3 Nbc6 11. a4 Nxd4 12. cxd4 Bb6 13. axb5 axb5 14. Rxa8+ Bxa8 15. Bxb5 0-0 16. Nc3 Nf5 17. Be2 Nxd4 18. Nb5 Nxb5 19. Bxb5 Rd8 20. f5 Qxe5 21. f6 Qxb5 22. fxg7 Qd5 23. Qe2 Qe4 24. Qxe4 Bxe4 25. Bg5 Rc8 26. Bf6 Bd8 27. Be5 f6 28. Bd6 Kxg7 29. h4 Rc2 30. Kh2 Rxg2+ 31. Kh3 Rg6 32. h5 Bg2+ 33. Kh2 Bxf1 0-1

[Event "Olympiad Women-44"]
[Site "Chennai"]
[Date "2022.07.30"]
[Round "2.4"]
[White "Arai, Yuki"]
[Black "Nan, MK Khine Hlyan"]
[Result "0-1"]
[WhiteElo "1495"]
[BlackElo "1979"]
[PlyCount "52"]
[EventDate "2022.07.29"]
[EventType "team-swiss"]
[EventRounds "11"]
[EventCountry "IND"]
[SourceTitle "CBM 210"]
[Source "ChessBase"]
[SourceDate "2022.10.31"]
[SourceVersion "1"]
[SourceVersionDate "2022.10.31"]
[SourceQuality "1"]
[WhiteTeam "Japan (W)"]
[BlackTeam "Myanmar (W)"]
[WhiteTeamCountry "JPN"]
[BlackTeamCountry "MYA"]

1. e4 e5 2. Nf3 Nf6 3. Nxe5 d6 4. Nf3 Nxe4 5. d4 d5 6. Bd3 Bd6 7. h3 Qe7 8. 0-0 0-0 9. Re1 f5 10. c4 c6 11. cxd5 cxd5 12. Qc2 Nc6 13. a3 Qf6 14. Qa4 g5 15. Nc3 Nxc3 16. bxc3 g4 17. Nh2 gxh3 18. g3 f4 19. g4 h5 20. f3 Qh4 21. Re2 hxg4 22. Nxg4 Qg3+ 23. Kf1 Qxf3+ 24. Nf2 h2 25. Bh7+ Kxh7 26. Qc2+ Bf5 0-1

[Event "Titled Tuesday intern op 03rd May Early"]
[Site "Chess.com INT"]
[Date "2022.05.03"]
[Round "2"]
[White "Vysochin, Spartak"]
[Black "Nan, MK Khine Hlyan"]
[Result "1-0"]
[WhiteElo "2512"]
[BlackElo "1979"]
[PlyCount "33"]
[EventDate "2022.05.03"]
[EventType "swiss (blitz)"]
[EventRounds "11"]
[EventCountry "USA"]
[SourceTitle "CBM 208 Extra"]
[Source "ChessBase"]
[SourceDate "2022.07.31"]
[SourceVersion "1"]
[SourceVersionDate "2022.07.31"]
[SourceQuality "1"]

1. e4 e5 2. Nf3 Nc6 3. Bb5 a6 4. Bxc6 dxc6 5. 0-0 Bd6 6. d4 Qe7 7. dxe5 Bxe5 8. Nxe5 Qxe5 9. Nc3 Nf6 10. Qf3 0-0 11. Bf4 Qe7 12. Bg5 Be6 13. e5 Bd5 14. Nxd5 Qxe5 15. Nxf6+ Kh8 16. Nd7 Qxg5 17. Nxf8 1-0

[Event "Titled Tuesday intern op 29th Mar Early"]
[Site "Chess.com INT"]
[Date "2022.03.29"]
[Round "2"]
[White "Jaferian, Koosha"]
[Black "Nan, MK Khine Hlyan"]
[Result "1-0"]
[WhiteElo "2227"]
[BlackElo "1979"]
[PlyCount "47"]
[EventDate "2022.03.29"]
[EventType "swiss (blitz)"]
[EventRounds "11"]
[EventCountry "USA"]
[SourceTitle "CBM 207 Extra"]
[Source "ChessBase"]
[SourceDate "2022.05.31"]
[SourceVersion "1"]
[SourceVersionDate "2022.05.31"]
[SourceQuality "1"]

1. Nf3 d5 2. b3 Nf6 3. Bb2 g6 4. g3 Bg7 5. c4 dxc4 6. bxc4 0-0 7. d3 Nc6 8. Bg2 Bg4 9. 0-0 Rb8 10. Nbd2 e6 11. Rb1 b5 12. Qc2 b4 13. d4 a5 14. e4 Bxf3 15. Nxf3 a4 16. d5 a3 17. Bxf6 Bxf6 18. dxc6 Bb2 19. Rbd1 Qf6 20. Nd2 Rb6 21. Nb3 Rxc6 22. e5 Rxc4 23. Qxc4 Bxe5 24. Qxb4 1-0

[Event "Titled Tuesday intern op 29th Mar Early"]
[Site "Chess.com INT"]
[Date "2022.03.29"]
[Round "4"]
[White "Nan, MK Khine Hlyan"]
[Black "Pourkashiyan, Atousa"]
[Result "0-1"]
[WhiteElo "1979"]
[BlackElo "2322"]
[PlyCount "72"]
[EventDate "2022.03.29"]
[EventType "swiss (blitz)"]
[EventRounds "11"]
[EventCountry "USA"]
[SourceTitle "CBM 207 Extra"]
[Source "ChessBase"]
[SourceDate "2022.05.31"]
[SourceVersion "1"]
[SourceVersionDate "2022.05.31"]
[SourceQuality "1"]

1. e4 c5 2. Nf3 e6 3. d4 cxd4 4. Nxd4 a6 5. Nc3 Qc7 6. Be3 Nf6 7. Bd3 Bb4 8. Bd2 Nc6 9. Nxc6 dxc6 10. 0-0 Be7 11. Ne2 0-0 12. Bc3 e5 13. f4 Bd6 14. f5 b5 15. a3 c5 16. Ng3 Bb7 17. Kh1 c4 18. Be2 Bxe4 19. Nxe4 Nxe4 20. Bf3 Nxc3 21. bxc3 Rad8 22. Qe1 f6 23. Bd5+ Kh8 24. Be6 Bc5 25. Qh4 Rd2 26. Rf3 h6 27. Rh3 Rfd8 28. Qe1 Rxc2 29. Rd1 Bf2 30. Qf1 Rdd2 31. Rxd2 Rxd2 32. Rf3 Qc5 33. h3 e4 34. Rxf2 Qxf2 35. Qd1 Rxd1+ 36. Kh2 Qf4+ 0-1

[Event "Titled Tuesday intern op 15 Mar Early"]
[Site "Chess.com INT"]
[Date "2022.03.15"]
[Round "1"]
[White "Nan, MK Khine Hlyan"]
[Black "Shuvalova, Polina"]
[Result "0-1"]
[WhiteElo "1979"]
[BlackElo "2504"]
[PlyCount "32"]
[EventDate "2022.03.15"]
[EventType "swiss (blitz)"]
[EventRounds "11"]
[EventCountry "USA"]
[SourceTitle "CBM 207 Extra"]
[Source "ChessBase"]
[SourceDate "2022.05.31"]
[SourceVersion "1"]
[SourceVersionDate "2022.05.31"]
[SourceQuality "1"]

1. e4 c5 2. Nf3 d6 3. d4 cxd4 4. Nxd4 Nf6 5. Nc3 Nc6 6. Bb5 Bd7 7. Bxc6 bxc6 8. 0-0 g6 9. Be3 Bg7 10. f4 Ng4 11. Qe2 Nxe3 12. Qxe3 Qb6 13. Nce2 0-0 14. Nf5 gxf5 15. Qxb6 axb6 16. exf5 Bxf5 0-1

[Event "Titled Tuesday intern op 01st Mar Early"]
[Site "Chess.com INT"]
[Date "2022.03.01"]
[Round "2"]
[White "Nan, MK Khine Hlyan"]
[Black "Nasyrova, Ekaterina"]
[Result "0-1"]
[WhiteElo "1979"]
[BlackElo "2109"]
[PlyCount "38"]
[EventDate "2022.03.01"]
[EventType "swiss (blitz)"]
[EventRounds "11"]
[EventCountry "USA"]
[SourceTitle "CBM 207 Extra"]
[Source "ChessBase"]
[SourceDate "2022.05.31"]
[SourceVersion "1"]
[SourceVersionDate "2022.05.31"]
[SourceQuality "1"]

1. e4 e5 2. Nf3 Nc6 3. Bc4 Bc5 4. c3 Nf6 5. a4 a5 6. d3 0-0 7. Bb3 d5 8. 0-0 dxe4 9. Nxe5 Nxe5 10. d4 Bg4 11. Qc2 Bd6 12. dxe5 Bxe5 13. Nd2 Be2 14. Re1 Bd3 15. Qd1 Qd6 16. g3 Qc6 17. Bc2 Rad8 18. Bxd3 Rxd3 19. Qh5 Nxh5 0-1

[Event "Titled Tuesday intern op 18th Jan"]
[Site "Chess.com INT"]
[Date "2022.01.18"]
[Round "1"]
[White "Martin Duque, Jesus"]
[Black "Nan, MK Khine Hlyan"]
[Result "1-0"]
[WhiteElo "2406"]
[BlackElo "1979"]
[PlyCount "63"]
[EventDate "2022.01.18"]
[EventType "swiss (blitz)"]
[EventRounds "11"]
[EventCountry "USA"]
[SourceTitle "CBM 206 Extra"]
[Source "ChessBase"]
[SourceDate "2022.03.31"]
[SourceVersion "1"]
[SourceVersionDate "2022.03.31"]
[SourceQuality "1"]

1. Nf3 Nf6 2. b3 d5 3. Bb2 c5 4. e3 Nc6 5. Bb5 a6 6. Bxc6+ bxc6 7. c4 e6 8. 0-0 Be7 9. Nc3 0-0 10. Ne5 Bd7 11. Nxd7 Qxd7 12. d3 d4 13. Na4 e5 14. Qe2 Rfd8 15. exd4 exd4 16. Rfe1 Bd6 17. h3 Qc7 18. Qf3 Re8 19. Kf1 Rxe1+ 20. Rxe1 Re8 21. Rxe8+ Nxe8 22. Bc1 f6 23. Bd2 Kf7 24. Qe4 Qe7 25. Qxc6 Qe5 26. Qd7+ Be7 27. f4 Qh5 28. Nxc5 Qd1+ 29. Be1 Nc7 30. Qxd4 Ne6 31. Nxe6 Kxe6 32. Qd5# 1-0

[Event "Titled Tuesday intern op 18th Jan"]
[Site "Chess.com INT"]
[Date "2022.01.18"]
[Round "8"]
[White "Nan, MK Khine Hlyan"]
[Black "De Arruda, Leandro Formes"]
[Result "0-1"]
[WhiteElo "1979"]
[BlackElo "2038"]
[PlyCount "74"]
[EventDate "2022.01.18"]
[EventType "swiss (blitz)"]
[EventRounds "11"]
[EventCountry "USA"]
[SourceTitle "CBM 206 Extra"]
[Source "ChessBase"]
[SourceDate "2022.03.31"]
[SourceVersion "1"]
[SourceVersionDate "2022.03.31"]
[SourceQuality "1"]

1. e4 e6 2. Nf3 d5 3. exd5 exd5 4. d4 Nf6 5. Bd3 Bd6 6. c3 0-0 7. 0-0 Bg4 8. h3 Bh5 9. Nbd2 Nbd7 10. Qb3 b6 11. Ne1 c5 12. dxc5 bxc5 13. Qc2 c4 14. Bf5 Bc5 15. Ndf3 Qc7 16. Be3 Rfe8 17. Bxc5 Nxc5 18. Nd4 Ne6 19. Nef3 Bg6 20. Bxg6 hxg6 21. Nxe6 Rxe6 22. Nd4 Re7 23. Rae1 Rae8 24. Rxe7 Qxe7 25. Rd1 Qb7 26. Nf3 Rb8 27. Rd2 Qa6 28. a3 Qb6 29. Re2 Ne4 30. Nd4 f5 31. f3 Nc5 32. Re7 Nd3 33. Qe2 Kh7 34. Kh1 Qxb2 35. Qe6 Qc1+ 36. Kh2 Qf4+ 37. Kg1 Rb1+ 0-1

[Event "Titled Tuesday intern op 18th Jan"]
[Site "Chess.com INT"]
[Date "2022.01.18"]
[Round "3"]
[White "Torres Cueto, Jesus Marcial"]
[Black "Nan, MK Khine Hlyan"]
[Result "1-0"]
[WhiteElo "2051"]
[BlackElo "1979"]
[PlyCount "70"]
[EventDate "2022.01.18"]
[EventType "swiss (blitz)"]
[EventRounds "11"]
[EventCountry "USA"]
[SourceTitle "CBM 206 Extra"]
[Source "ChessBase"]
[SourceDate "2022.03.31"]
[SourceVersion "1"]
[SourceVersionDate "2022.03.31"]
[SourceQuality "1"]

1. d4 g6 2. c4 Bg7 3. Nc3 d6 4. e4 a6 5. Be3 Nd7 6. h3 Rb8 7. Qc2 Ngf6 8. Bd3 e5 9. Nge2 0-0 10. d5 Re8 11. g4 Nf8 12. Ng3 Bd7 13. f3 b5 14. b3 b4 15. Nd1 Bc8 16. Nf2 N6d7 17. h4 Nc5 18. Be2 Bd7 19. Qd2 a5 20. h5 a4 21. Rb1 axb3 22. axb3 f5 23. gxf5 gxf5 24. exf5 Qf6 25. Bxc5 Bxf5 26. Nfe4 Bxe4 27. Nxe4 Qf7 28. Be3 Nd7 29. h6 Bf6 30. Bg5 Bh8 31. Kf2 Rf8 32. Rhg1 Qh5 33. Be7+ Kf7 34. Bxf8 Rxf8 35. Rh1 Qf5 1-0

[Event "Titled Tuesday intern op 21st Dec"]
[Site "Chess.com INT"]
[Date "2021.12.21"]
[Round "4"]
[White "Barrionuevo, Pablo"]
[Black "Nan, MK Khine Hlyan"]
[Result "1-0"]
[WhiteElo "2259"]
[BlackElo "1979"]
[PlyCount "63"]
[EventDate "2021.12.21"]
[EventType "swiss (blitz)"]
[EventRounds "11"]
[EventCountry "USA"]
[SourceTitle "CBM 205 Extra"]
[Source "ChessBase"]
[SourceDate "2022.01.31"]
[SourceVersion "1"]
[SourceVersionDate "2022.01.31"]
[SourceQuality "1"]

1. c4 e5 2. g3 Nf6 3. Bg2 g6 4. Nc3 Bg7 5. e4 0-0 6. Nge2 d6 7. d3 Ne8 8. 0-0 Nc6 9. Rb1 f5 10. b4 fxe4 11. dxe4 a6 12. h3 Ne7 13. Be3 Be6 14. Qd3 Qc8 15. Kh2 Nf6 16. a4 Qe8 17. b5 Qf7 18. Nd5 Nfxd5 19. cxd5 Bd7 20. Rfc1 axb5 21. Rxc7 Be8 22. axb5 b6 23. Bxb6 Rb8 24. Be3 Qf6 25. h4 Nc8 26. b6 Qd8 27. Qc4 Bf6 28. Bh3 Bxh4 29. Rxc8 Rxc8 30. Qxc8 Qf6 31. Qe6+ Qxe6 32. Bxe6+ 1-0